Theo dấu chân những người tàng hình; T2
محفوظ في:
| المؤلف الرئيسي: | |
|---|---|
| التنسيق: | كتاب |
| اللغة: | Undetermined |
| منشور في: |
Hà Nội
Lao động
1984
|
| الموضوعات: | |
| الوسوم: |
إضافة وسم
لا توجد وسوم, كن أول من يضع وسما على هذه التسجيلة!
|
| Thư viện lưu trữ: | Trung tâm Học liệu Trường Đại học Cần Thơ |
|---|
| LEADER | 00559nam a2200181Ia 4500 | ||
|---|---|---|---|
| 001 | CTU_15872 | ||
| 008 | 210402s9999 xx 000 0 und d | ||
| 082 | |a 891.734 | ||
| 082 | |b A135/T2 | ||
| 100 | |a A-Lếch-Xan-Đrơ Áp-Đê -En-Cô | ||
| 245 | 0 | |a Theo dấu chân những người tàng hình; T2 | |
| 245 | 2 | |c A Avzeenko; Việt Long (Dịch) | |
| 260 | |a Hà Nội | ||
| 260 | |b Lao động | ||
| 260 | |c 1984 | ||
| 650 | |a russian fiction | ||
| 904 | |i Minh, 970428 | ||
| 980 | |a Trung tâm Học liệu Trường Đại học Cần Thơ | ||